MJ Quiz - Statistics

General Stats
  • This quiz has been taken 136 times
  • The average score is 11 of 15
Answer Stats
Question Answer % Correct
What is the name of Michael Jordan's shoe brand? Air Jordan
100%
What other sport did Jordan play? Baseball
96%
What team did Michael Jordan win six championships with? Chicago Bulls
96%
What university did Michael Jordan play for? North Carolina
96%
What other NBA team did Jordan play for? Washington Wizards
96%
Who has Michael Jordan been compared to in recent years? LeBron James
91%
Who was Jordan's right-hand man? Scottie Pippen
91%
What NBA team is Michael Jordan the owner of? Charlotte Hornets
87%
When did Michael Jordan get inducted into the Hall of Fame? 2009
65%
Who was Jordan's coach during his time with the Bulls? Phil Jackson
61%
When did Michael Jordan win the NBA Dunk Contest? 1987 and 1988
57%
When did Jordan represent the USA in the Olympics as a professional? 1992 (Barcelona)
52%
Who did Jordan beat to win his first championship? Los Angeles Lakers
48%
When did Michael Jordan win his only March Madness championship? 1982
43%
Which NBA player described Jordan as "God in disguise"? Larry Bird
13%
No matching quizzes found
Score Distribution
Percent of People with Each Score
Percentile by Number Answered
Your Score History
You have not taken this quiz